| 000 | 00793cab a2200229 4500 | ||
|---|---|---|---|
| 001 | WB3118-11 | ||
| 008 | 090401t1995 xxu||||| |||| 00| 0 eng d | ||
| 035 | _a(Sirsi) u65675 | ||
| 041 | _aeng | ||
| 245 | _aThreat to property | ||
| 260 | _c1995 | ||
| 350 | _a0 | ||
| 490 |
_aSunday Telegraph _v7 May 1995, B2(1) |
||
| 520 | _aAccording to the RICS, provisions in the Pensions Bill requiring pension funds to match assets and liabilities on the basis of Financial Services Act-governed investments will lead to a decline in pension fund property investment. | ||
| 650 | _aINSTITUTIONAL INVESTMENT | ||
| 650 | _aPENSION FUNDS | ||
| 650 | _aPENSIONS BILL | ||
| 650 | _aPROPERTY INVESTMENT | ||
| 690 | _aPROPERTY-PROPERTY FINANCE AND INVESTMENT | ||
| 942 | _n0 | ||
| 948 | _c04/03/1997 | ||
| 999 |
_c40980 _d40980 |
||